000 00593nam a2200181 4500
999 _c4694
_d4694
003 OSt
005 20230117100258.0
008 230117b ||||| |||| 00| 0 eng d
020 _a9788180387579
040 _aKABLIB
_cKABLIB
_dKABLIB
082 _223
_a348.42
_bALL
245 _aThe All England Law Reports 2012, Vol.4 /
_cEdited by Karen Widdicombe, Rakesh Rajani Barrister.
260 _aUK :
_bLexisnexis,
_cc2020.
300 _axxv, 1376 p. ;
_c23 cm.
700 _aWiddicombe, Karen,
_eEditor.
_911959
700 _aBarrister, Rakesh Rajani,
_eJoint Editor.
_912096
942 _2ddc
_cLAW REPORT